[Event "Stay Safe Play from Home 161"]
[Site "T#646205Emanuel Laske"]
[Date "2020.05.20"]
[Round "8"]
[White "Klari64"]
[Black "Mepe_Nika"]
[Result "1/2-1/2"]
[WhiteElo "2307"]
[BlackElo "2261"]
[Annotator "NA"]
[PlyCount "135"]
[EventDate "2020.05.20"]
[EventType "swiss (blitz)"]

1. d4 {[%emt 0:00:02]} d5 {[%emt 0:00:01]} 2. c4 {[%emt 0:00:01]} c6 {[%emt 0:00:01]} 3. Nf3 {[%emt 0:00:00]} Nf6 {[%emt 0:00:01]} 4. e3 {[%emt 0:00:00]} e6 {[%emt 0:00:01]} 5. b3 {[%emt 0:00:01]} Bb4+ {[%emt 0:00:02]} 6. Bd2 {[%emt 0:00:00]} Bxd2+ {[%emt 0:00:01]} 7. Nbxd2 {[%emt 0:00:00]} Nbd7 {[%emt 0:00:01]} 8. Bd3 {[%emt 0:00:00]} O-O {[%emt 0:00:01]} 9. e4 {[%emt 0:00:04]} dxe4 {[%emt 0:00:01]} 10. Nxe4 {[%emt 0:00:00]} Nxe4 {[%emt 0:00:00]} 11. Bxe4 {[%emt 0:00:00]} c5 {[%emt 0:00:01]} 12. Bc2 {[%emt 0:00:00]} cxd4 {[%emt 0:00:01]} 13. Qxd4 {[%emt 0:00:00]} Nf6 {[%emt 0:00:01]} 14. Qxd8 {[%emt 0:00:00]} Rxd8 {[%emt 0:00:00]} 15. Rd1 {[%emt 0:00:01]} Bd7 {[%emt 0:00:01]} 16. Ke2 {[%emt 0:00:01]} Bc6 {[%emt 0:00:01]} 17. Rxd8+ {[%emt 0:00:00]} Rxd8 {[%emt 0:00:02]} 18. Ne5 {[%emt 0:00:00]} Bxg2 {[%emt 0:00:01]} 19. Rg1 {[%emt 0:00:00]} Bc6 {[%emt 0:00:01]} 20. b4 {[%emt 0:00:03]} Be4 {[%emt 0:00:01]} 21. Bb3 {[%emt 0:00:02]} a6 {[%emt 0:00:01]} 22. c5 {[%emt 0:00:01]} Bd5 {[%emt 0:00:01]} 23. Bc2 {[%emt 0:00:02]} Kf8 {[%emt 0:00:01]} 24. a4 {[%emt 0:00:01]} h6 {[%emt 0:00:02]} 25. b5 {[%emt 0:00:01]} axb5 {[%emt 0:00:01]} 26. axb5 {[%emt 0:00:00]} Rc8 {[%emt 0:00:01]} 27. c6 {[%emt 0:00:03]} bxc6 {[%emt 0:00:01]} 28. b6 {[%emt 0:00:00]} Rb8 {[%emt 0:00:02]} 29. Rb1 {[%emt 0:00:02]} Ke7 {[%emt 0:00:01]} 30. Ba4 {[%emt 0:00:05]} Nd7 {[%emt 0:00:04]} 31. Nxc6+ {[%emt 0:00:06]} Bxc6 {[%emt 0:00:01]} 32. Bxc6 {[%emt 0:00:00]} Rxb6 {[%emt 0:00:01]} 33. Rc1 {[%emt 0:00:00]} Ne5 {[%emt 0:00:01]} 34. Be4 {[%emt 0:00:01]} f5 {[%emt 0:00:01]} 35. Ke3 {[%emt 0:00:00]} fxe4 {[%emt 0:00:01]} 36. Kxe4 {[%emt 0:00:00]} Nd7 {[%emt 0:00:01]} 37. Rh1 {[%emt 0:00:01]} Rb4+ {[%emt 0:00:01]} 38. Ke3 {[%emt 0:00:01]} Kf6 {[%emt 0:00:01]} 39. Kf3 {[%emt 0:00:00]} Ne5+ {[%emt 0:00:01]} 40. Ke3 {[%emt 0:00:01]} Rb2 {[%emt 0:00:01]} 41. f4 {[%emt 0:00:01]} Ng4+ {[%emt 0:00:02]} 42. Kf3 {[%emt 0:00:01]} Nxh2+ {[%emt 0:00:01]} 43. Kg3 {[%emt 0:00:01]} Kf5 {[%emt 0:00:01]} 44. Ra1 {[%emt 0:00:01]} e5 {[%emt 0:00:01]} 45. Ra5 {[%emt 0:00:00]} Re2 {[%emt 0:00:02]} 46. fxe5 {[%emt 0:00:01]} Rxe5 {[%emt 0:00:01]} 47. Ra8 {[%emt 0:00:00]} Ng4 {[%emt 0:00:01]} 48. Kf3 {[%emt 0:00:00]} Nf6 {[%emt 0:00:01]} 49. Rf8 {[%emt 0:00:00]} g5 {[%emt 0:00:01]} 50. Ra8 {[%emt 0:00:00]} h5 {[%emt 0:00:01]} 51. Kg3 {[%emt 0:00:00]} h4+ {[%emt 0:00:00]} 52. Kf2 {[%emt 0:00:00]} Re4 {[%emt 0:00:01]} 53. Kg2 {[%emt 0:00:01]} Kf4 {[%emt 0:00:01]} 54. Kh3 {[%emt 0:00:00]} Nd5 {[%emt 0:00:01]} 55. Kg2 {[%emt 0:00:00]} Ne3+ {[%emt 0:00:01]} 56. Kf2 {[%emt 0:00:01]} Ng4+ {[%emt 0:00:01]} 57. Kf1 {[%emt 0:00:02]} Re3 {[%emt 0:00:01]} 58. Rf8+ {[%emt 0:00:02]} Kg3 {[%emt 0:00:00]} 59. Ra8 {[%emt 0:00:00]} Rf3+ {[%emt 0:00:00]} 60. Ke2 {[%emt 0:00:00]} Rf2+ {[%emt 0:00:01]} 61. Kd3 {[%emt 0:00:00]} h3 {[%emt 0:00:00]} 62. Ra3 {[%emt 0:00:02]} Rf3+ {[%emt 0:00:00]} 63. Kc4 {[%emt 0:00:00]} Rxa3 {[%emt 0:00:01]} 64. Kd5 {[%emt 0:00:00]} Ra1 {[%emt 0:00:00]} 65. Ke6 {[%emt 0:00:00]} h2 {[%emt 0:00:00]} 66. Kf7 {[%emt 0:00:00]} h1=Q {[%emt 0:00:00]} 67. Ke6 {[%emt 0:00:00]} Qc6+ {[%emt 0:00:01]} 68. Kf7 {[%emt 0:00:00] (Lag: Av=0.36s, max=1.0s)} 1/2-1/2

[Event "Stay Safe Play from Home 161"]
[Site "T#646205Emanuel Laske"]
[Date "2020.05.20"]
[Round "8"]
[White "Toosieslide"]
[Black "Haxhi Baha"]
[Result "1-0"]
[WhiteElo "2174"]
[BlackElo "1941"]
[PlyCount "51"]
[EventDate "2020.05.20"]
[EventType "swiss (blitz)"]

1. d4 {[%emt 0:00:01]} d5 {[%emt 0:00:01]} 2. c4 {[%emt 0:00:00]} e5 {[%emt 0:00:01]} 3. dxe5 {[%emt 0:00:01]} d4 {[%emt 0:00:00]} 4. Nf3 {[%emt 0:00:01]} Nc6 {[%emt 0:00:00]} 5. a3 {[%emt 0:00:00]} Nge7 {[%emt 0:00:01]} 6. g3 {[%emt 0:00:01]} Ng6 {[%emt 0:00:01]} 7. Bg2 {[%emt 0:00:00]} Bg4 {[%emt 0:00:01]} 8. O-O {[%emt 0:00:01]} Qd7 {[%emt 0:00:01]} 9. Nbd2 {[%emt 0:00:01]} O-O-O {[%emt 0:00:02]} 10. b4 {[%emt 0:00:01]} Bh3 {[%emt 0:00:01]} 11. Bb2 {[%emt 0:00:02]} Bxg2 {[%emt 0:00:01]} 12. Kxg2 {[%emt 0:00:00]} Qg4 {[%emt 0:00:01]} 13. h3 {[%emt 0:00:01]} Nf4+ {[%emt 0:00:01]} 14. Kg1 {[%emt 0:00:04]} Nxh3+ {[%emt 0:00:01]} 15. Kg2 {[%emt 0:00:03]} Nf4+ {[%emt 0:00:01]} 16. Kg1 {[%emt 0:00:00]} d3 {[%emt 0:00:02]} 17. exd3 {[%emt 0:00:06]} Rxd3 {[%emt 0:00:06]} 18. Nh2 {[%emt 0:00:01]} Qg6 {[%emt 0:00:06]} 19. Qe1 {[%emt 0:00:05]} Be7 {[%emt 0:00:04]} 20. Ne4 {[%emt 0:00:03]} Rhd8 {[%emt 0:00:06]} 21. Kh1 {[%emt 0:00:02]} Nh5 {[%emt 0:00:10]} 22. Qe2 {[%emt 0:00:02]} Rb3 {[%emt 0:00:07]} 23. Bc1 {[%emt 0:00:03]} Nd4 {[%emt 0:00:03]} 24. Qg4+ {[%emt 0:00:02]} Qxg4 {[%emt 0:00:02]} 25. Nxg4 {[%emt 0:00:00]} Nf3 {[%emt 0:00:00]} 26. Be3 {[%emt 0:00:03] Time (Lag: Av=0.95s, max=1.4s)} 1-0

[Event "Stay Safe Play from Home 161"]
[Site "T#646205Emanuel Laske"]
[Date "2020.05.20"]
[Round "8"]
[White "Lamborghini"]
[Black "Mosti"]
[Result "0-1"]
[WhiteElo "2170"]
[BlackElo "2469"]
[PlyCount "74"]
[EventDate "2020.05.20"]
[EventType "swiss (blitz)"]

1. e4 {[%emt 0:00:02]} e6 {[%emt 0:00:00]} 2. d4 {[%emt 0:00:01]} d5 {[%emt 0:00:00]} 3. Nc3 {[%emt 0:00:01]} dxe4 {[%emt 0:00:00]} 4. Nxe4 {[%emt 0:00:01]} Nd7 {[%emt 0:00:02]} 5. Nf3 {[%emt 0:00:01]} Ngf6 {[%emt 0:00:00]} 6. Bd3 {[%emt 0:00:01]} c5 {[%emt 0:00:01]} 7. Nxc5 {[%emt 0:00:01]} Nxc5 {[%emt 0:00:00]} 8. dxc5 {[%emt 0:00:01]} Bxc5 {[%emt 0:00:00]} 9. O-O {[%emt 0:00:01]} O-O {[%emt 0:00:01]} 10. Qe2 {[%emt 0:00:01]} b6 {[%emt 0:00:04]} 11. Bg5 {[%emt 0:00:01]} Bb7 {[%emt 0:00:01]} 12. Rfd1 {[%emt 0:00:01]} Qc7 {[%emt 0:00:01]} 13. Bxf6 {[%emt 0:00:01]} gxf6 {[%emt 0:00:00]} 14. Be4 {[%emt 0:00:01]} f5 {[%emt 0:00:02]} 15. Bxb7 {[%emt 0:00:01]} Qxb7 {[%emt 0:00:00]} 16. Ne5 {[%emt 0:00:01]} Rad8 {[%emt 0:00:04]} 17. Qh5 {[%emt 0:00:02]} Bd4 {[%emt 0:00:04]} 18. Qg5+ {[%emt 0:00:02]} Kh8 {[%emt 0:00:01]} 19. Qf6+ {[%emt 0:00:01]} Kg8 {[%emt 0:00:00]} 20. Rxd4 {[%emt 0:00:04]} Rxd4 {[%emt 0:00:02]} 21. Nxf7 {[%emt 0:00:01]} Qxf7 {[%emt 0:00:07]} 22. Qxd4 {[%emt 0:00:01]} Qg6 {[%emt 0:00:01]} 23. f4 {[%emt 0:00:01]} Qg7 {[%emt 0:00:02]} 24. Rd1 {[%emt 0:00:01]} Qxd4+ {[%emt 0:00:01]} 25. Rxd4 {[%emt 0:00:01]} Rf7 {[%emt 0:00:00]} 26. c3 {[%emt 0:00:01]} Kg7 {[%emt 0:00:01]} 27. Kf2 {[%emt 0:00:01]} Rf6 {[%emt 0:00:00]} 28. g3 {[%emt 0:00:00]} Rf7 {[%emt 0:00:01]} 29. Rd6 {[%emt 0:00:01]} Kf6 {[%emt 0:00:00]} 30. Ke3 {[%emt 0:00:01]} h5 {[%emt 0:00:01]} 31. Rc6 {[%emt 0:00:00]} h4 {[%emt 0:00:00]} 32. g4 {[%emt 0:00:01]} fxg4 {[%emt 0:00:01]} 33. Ke4 {[%emt 0:00:00]} g3 {[%emt 0:00:01]} 34. f5 {[%emt 0:00:00]} gxh2 {[%emt 0:00:02]} 35. Rxe6+ {[%emt 0:00:00]} Kg5 {[%emt 0:00:01]} 36. Rg6+ {[%emt 0:00:00]} Kh5 {[%emt 0:00:01]} 37. Rg1 {[%emt 0:00:00]} hxg1=Q {[%emt 0:00:01] Lamborghini gibt auf (Lag: Av=0.28s, max=0.6s)} 0-1

[Event "Stay Safe Play from Home 161"]
[Site "T#646205Emanuel Laske"]
[Date "2020.05.20"]
[Round "8"]
[White "Lazieri3"]
[Black "Karthikchess"]
[Result "1/2-1/2"]
[WhiteElo "2125"]
[BlackElo "2509"]
[Annotator "RC"]
[PlyCount "72"]
[EventDate "2020.05.20"]
[EventType "swiss (blitz)"]

1. e4 {[%emt 0:00:01]} g6 {[%emt 0:00:00]} 2. Nc3 {[%emt 0:00:01]} Bg7 {[%emt 0:00:01]} 3. d3 {[%emt 0:00:00]} d6 {[%emt 0:00:01]} 4. Be3 {[%emt 0:00:00]} c5 {[%emt 0:00:01]} 5. Qd2 {[%emt 0:00:01]} Nc6 {[%emt 0:00:00]} 6. Nf3 {[%emt 0:00:00]} Rb8 {[%emt 0:00:01]} 7. a4 {[%emt 0:00:01]} a6 {[%emt 0:00:01]} 8. Be2 {[%emt 0:00:01]} b5 {[%emt 0:00:01]} 9. axb5 {[%emt 0:00:00]} axb5 {[%emt 0:00:00]} 10. Nd1 {[%emt 0:00:00]} b4 {[%emt 0:00:01]} 11. c3 {[%emt 0:00:01]} bxc3 {[%emt 0:00:01]} 12. bxc3 {[%emt 0:00:00]} Nf6 {[%emt 0:00:00]} 13. Bh6 {[%emt 0:00:01]} O-O {[%emt 0:00:00]} 14. h4 {[%emt 0:00:01]} Bg4 {[%emt 0:00:01]} 15. h5 {[%emt 0:00:01]} Nxh5 {[%emt 0:00:01]} 16. Bxg7 {[%emt 0:00:03]} Kxg7 {[%emt 0:00:00]} 17. Qg5 {[%emt 0:00:02]} Bxf3 {[%emt 0:00:04]} 18. Bxf3 {[%emt 0:00:00]} e6 {[%emt 0:00:03]} 19. Qe3 {[%emt 0:00:03]} Nf6 {[%emt 0:00:03]} 20. Qh6+ {[%emt 0:00:02]} Kg8 {[%emt 0:00:01]} 21. Ne3 {[%emt 0:00:01]} Ne5 {[%emt 0:00:01]} 22. d4 {[%emt 0:00:05]} cxd4 {[%emt 0:00:02]} 23. cxd4 {[%emt 0:00:02]} Nxf3+ {[%emt 0:00:05]} 24. gxf3 {[%emt 0:00:00]} Ra8 {[%emt 0:00:00]} 25. Rxa8 {[%emt 0:00:03]} Qxa8 {[%emt 0:00:00]} 26. Kf1 {[%emt 0:00:01]} Rb8 {[%emt 0:00:12]} 27. Kg2 {[%emt 0:00:02]} Qa5 {[%emt 0:00:03]} 28. Ng4 {[%emt 0:00:02]} Nxg4 {[%emt 0:00:03]} 29. Qxh7+ {[%emt 0:00:02]} Kf8 {[%emt 0:00:00]} 30. Qh8+ {[%emt 0:00:02]} Ke7 {[%emt 0:00:01]} 31. Qxb8 {[%emt 0:00:00]} Qg5 {[%emt 0:00:01]} 32. fxg4 {[%emt 0:00:01]} Qxg4+ {[%emt 0:00:01]} 33. Kh2 {[%emt 0:00:02]} Qh4+ {[%emt 0:00:01]} 34. Kg2 {[%emt 0:00:01]} Qg4+ {[%emt 0:00:00]} 35. Kf1 {[%emt 0:00:01]} Qd1+ {[%emt 0:00:01]} 36. Kg2 {[%emt 0:00:00]} Qg4+ {[%emt 0:00:00] (Lag: Av=0.68s, max=0.9s)} 1/2-1/2

[Event "Stay Safe Play from Home 161"]
[Site "T#646205Emanuel Laske"]
[Date "2020.05.20"]
[Round "8"]
[White "Weltszmerc"]
[Black "UHU4"]
[Result "1-0"]
[WhiteElo "2030"]
[BlackElo "1505"]
[PlyCount "59"]
[EventDate "2020.05.20"]
[EventType "swiss (blitz)"]

1. d4 {[%emt 0:00:03]} d5 {[%emt 0:00:01]} 2. c4 {[%emt 0:00:02]} e5 {[%emt 0:00:01]} 3. Nf3 {[%emt 0:00:00]} e4 {[%emt 0:00:01]} 4. Nfd2 {[%emt 0:00:02]} c6 {[%emt 0:00:02]} 5. e3 {[%emt 0:00:00]} Nf6 {[%emt 0:00:01]} 6. c5 {[%emt 0:00:00]} Nbd7 {[%emt 0:00:02]} 7. b4 {[%emt 0:00:00]} g6 {[%emt 0:00:02]} 8. b5 {[%emt 0:00:01]} Bg7 {[%emt 0:00:01]} 9. a4 {[%emt 0:00:01]} O-O {[%emt 0:00:02]} 10. Bb2 {[%emt 0:00:01]} Re8 {[%emt 0:00:01]} 11. Nc3 {[%emt 0:00:02]} Nf8 {[%emt 0:00:01]} 12. Be2 {[%emt 0:00:01]} Ne6 {[%emt 0:00:02]} 13. a5 {[%emt 0:00:01]} h5 {[%emt 0:00:05]} 14. a6 {[%emt 0:00:01]} Ng5 {[%emt 0:00:03]} 15. axb7 {[%emt 0:00:03]} Bxb7 {[%emt 0:00:01]} 16. bxc6 {[%emt 0:00:00]} Bxc6 {[%emt 0:00:01]} 17. h3 {[%emt 0:00:02]} Qd7 {[%emt 0:00:08]} 18. Qc2 {[%emt 0:00:03]} Reb8 {[%emt 0:00:02]} 19. Ra3 {[%emt 0:00:02]} Rb7 {[%emt 0:00:02]} 20. Rb3 {[%emt 0:00:01]} Rab8 {[%emt 0:00:03]} 21. Rxb7 {[%emt 0:00:01]} Rxb7 {[%emt 0:00:01]} 22. Nb3 {[%emt 0:00:01]} Kh7 {[%emt 0:00:02]} 23. Na5 {[%emt 0:00:01]} Rc7 {[%emt 0:00:05]} 24. Nxc6 {[%emt 0:00:01]} Qxc6 {[%emt 0:00:01]} 25. O-O {[%emt 0:00:02]} Qd7 {[%emt 0:00:02]} 26. h4 {[%emt 0:00:04]} Ne6 {[%emt 0:00:03]} 27. Ra1 {[%emt 0:00:02]} Ng4 {[%emt 0:00:01]} 28. Bb5 {[%emt 0:00:02]} Qe7 {[%emt 0:00:02]} 29. Nxd5 {[%emt 0:00:01]} Rc6 {[%emt 0:00:02]} 30. Nxe7 {[%emt 0:00:02] Tiempo ' (Lag: Av=0.90s, max=1.2s)} 1-0

[Event "Stay Safe Play from Home 161"]
[Site "T#646205Emanuel Laske"]
[Date "2020.05.20"]
[Round "8"]
[White "GIULIO19031975"]
[Black "Eidgenosse"]
[Result "0-1"]
[WhiteElo "1842"]
[BlackElo "2433"]
[Annotator "NA"]
[PlyCount "110"]
[EventDate "2020.05.20"]
[EventType "swiss (blitz)"]

1. e4 {[%emt 0:00:03]} d6 {[%emt 0:00:00]} 2. Nf3 {[%emt 0:00:01]} Nf6 {[%emt 0:00:00]} 3. Nc3 {[%emt 0:00:01]} g6 {[%emt 0:00:01]} 4. d4 {[%emt 0:00:01]} Bg7 {[%emt 0:00:00]} 5. Bc4 {[%emt 0:00:01]} O-O {[%emt 0:00:01]} 6. h4 {[%emt 0:00:00]} Nxe4 {[%emt 0:00:01]} 7. h5 {[%emt 0:00:01]} d5 {[%emt 0:00:02]} 8. Bd3 {[%emt 0:00:01]} Bf5 {[%emt 0:00:00]} 9. hxg6 {[%emt 0:00:01]} hxg6 {[%emt 0:00:00]} 10. Bxe4 {[%emt 0:00:01]} dxe4 {[%emt 0:00:01]} 11. Ne5 {[%emt 0:00:01]} Nc6 {[%emt 0:00:01]} 12. Nxc6 {[%emt 0:00:01]} bxc6 {[%emt 0:00:01]} 13. Bh6 {[%emt 0:00:02]} Qxd4 {[%emt 0:00:04]} 14. Bxg7 {[%emt 0:00:01]} Qxd1+ {[%emt 0:00:01]} 15. Rxd1 {[%emt 0:00:01]} Kxg7 {[%emt 0:00:00]} 16. Ne2 {[%emt 0:00:04]} Rad8 {[%emt 0:00:01]} 17. O-O {[%emt 0:00:01]} Bg4 {[%emt 0:00:02]} 18. f3 {[%emt 0:00:02]} exf3 {[%emt 0:00:01]} 19. gxf3 {[%emt 0:00:01]} Bf5 {[%emt 0:00:00]} 20. Rxd8 {[%emt 0:00:02]} Rxd8 {[%emt 0:00:01]} 21. c3 {[%emt 0:00:01]} Rd2 {[%emt 0:00:01]} 22. Nd4 {[%emt 0:00:01]} c5 {[%emt 0:00:02]} 23. Nb5 {[%emt 0:00:01]} Rxb2 {[%emt 0:00:02]} 24. Nxa7 {[%emt 0:00:01]} Rxa2 {[%emt 0:00:03]} 25. Nb5 {[%emt 0:00:01]} Rb2 {[%emt 0:00:02]} 26. Nxc7 {[%emt 0:00:01]} Rc2 {[%emt 0:00:01]} 27. Nd5 {[%emt 0:00:01]} Be6 {[%emt 0:00:03]} 28. Nxe7 {[%emt 0:00:01]} Rxc3 {[%emt 0:00:00]} 29. Nc6 {[%emt 0:00:01]} Rc2 {[%emt 0:00:01]} 30. Ne5 {[%emt 0:00:01]} c4 {[%emt 0:00:01]} 31. f4 {[%emt 0:00:02]} c3 {[%emt 0:00:01]} 32. Rf2 {[%emt 0:00:02]} Rxf2 {[%emt 0:00:02]} 33. Kxf2 {[%emt 0:00:01]} Bf5 {[%emt 0:00:01]} 34. Ke3 {[%emt 0:00:01]} c2 {[%emt 0:00:02]} 35. Kd2 {[%emt 0:00:01]} f6 {[%emt 0:00:00]} 36. Nf3 {[%emt 0:00:02]} Kf7 {[%emt 0:00:00]} 37. Kc1 {[%emt 0:00:01]} Ke6 {[%emt 0:00:00]} 38. Nd4+ {[%emt 0:00:01]} Kd5 {[%emt 0:00:02]} 39. Nxc2 {[%emt 0:00:01]} Bxc2 {[%emt 0:00:01]} 40. Kxc2 {[%emt 0:00:00]} Ke4 {[%emt 0:00:00]} 41. Kd2 {[%emt 0:00:00]} Kxf4 {[%emt 0:00:01]} 42. Ke2 {[%emt 0:00:00]} g5 {[%emt 0:00:00]} 43. Kf2 {[%emt 0:00:00]} g4 {[%emt 0:00:00]} 44. Kg2 {[%emt 0:00:00]} f5 {[%emt 0:00:00]} 45. Kh2 {[%emt 0:00:02]} Kf3 {[%emt 0:00:01]} 46. Kg1 {[%emt 0:00:01]} g3 {[%emt 0:00:00]} 47. Kf1 {[%emt 0:00:00]} g2+ {[%emt 0:00:01]} 48. Kg1 {[%emt 0:00:01]} f4 {[%emt 0:00:00]} 49. Kh2 {[%emt 0:00:01]} Kf2 {[%emt 0:00:00]} 50. Kh3 {[%emt 0:00:01]} g1=Q {[%emt 0:00:00]} 51. Kh4 {[%emt 0:00:01]} Kf3 {[%emt 0:00:00]} 52. Kh5 {[%emt 0:00:01]} Ke4 {[%emt 0:00:00]} 53. Kh6 {[%emt 0:00:01]} Kf5 {[%emt 0:00:01]} 54. Kh7 {[%emt 0:00:01]} Kf6 {[%emt 0:00:00]} 55. Kh8 {[%emt 0:00:00]} Qg7# {[%emt 0:00:01] (Lag: Av=0.40s, max=0.7s)} 0-1

[Event "Stay Safe Play from Home 161"]
[Site "T#646205Emanuel Laske"]
[Date "2020.05.20"]
[Round "8"]
[White "Gm27"]
[Black "Tavares"]
[Result "0-1"]
[WhiteElo "1691"]
[BlackElo "1716"]
[Annotator "NA"]
[PlyCount "80"]
[EventDate "2020.05.20"]
[EventType "swiss (blitz)"]

1. e4 {[%emt 0:00:04]} c5 {[%emt 0:00:03]} 2. Nf3 {[%emt 0:00:00]} d6 {[%emt 0:00:01]} 3. d3 {[%emt 0:00:00]} Nc6 {[%emt 0:00:03]} 4. c3 {[%emt 0:00:00]} Nf6 {[%emt 0:00:01]} 5. Be3 {[%emt 0:00:00]} g6 {[%emt 0:00:01]} 6. h3 {[%emt 0:00:00]} Bg7 {[%emt 0:00:01]} 7. Nbd2 {[%emt 0:00:01]} O-O {[%emt 0:00:00]} 8. Be2 {[%emt 0:00:00]} d5 {[%emt 0:00:01]} 9. O-O {[%emt 0:00:01]} b6 {[%emt 0:00:02]} 10. exd5 {[%emt 0:00:02]} Nxd5 {[%emt 0:00:00]} 11. Nc4 {[%emt 0:00:01]} Nxe3 {[%emt 0:00:02]} 12. Nxe3 {[%emt 0:00:00]} Bb7 {[%emt 0:00:01]} 13. Qb3 {[%emt 0:00:02]} e5 {[%emt 0:00:01]} 14. Ng5 {[%emt 0:00:02]} h6 {[%emt 0:00:01]} 15. Nf3 {[%emt 0:00:01]} Qe7 {[%emt 0:00:01]} 16. a4 {[%emt 0:00:02]} Rad8 {[%emt 0:00:00]} 17. Rad1 {[%emt 0:00:02]} Na5 {[%emt 0:00:00]} 18. Qc2 {[%emt 0:00:03]} f5 {[%emt 0:00:01]} 19. Nc4 {[%emt 0:00:02]} Nc6 {[%emt 0:00:03]} 20. a5 {[%emt 0:00:01]} e4 {[%emt 0:00:02]} 21. dxe4 {[%emt 0:00:02]} fxe4 {[%emt 0:00:00]} 22. Nh2 {[%emt 0:00:02]} Ba6 {[%emt 0:00:05]} 23. axb6 {[%emt 0:00:01]} axb6 {[%emt 0:00:01]} 24. Nxb6 {[%emt 0:00:03]} e3 {[%emt 0:00:02]} 25. Bxa6 {[%emt 0:00:02]} exf2+ {[%emt 0:00:01]} 26. Kh1 {[%emt 0:00:02]} Rxd1 {[%emt 0:00:02]} 27. Qxd1 {[%emt 0:00:02]} Qf6 {[%emt 0:00:03]} 28. Bc4+ {[%emt 0:00:02]} Kh7 {[%emt 0:00:02]} 29. Ng4 {[%emt 0:00:01]} Qg5 {[%emt 0:00:03]} 30. Nd5 {[%emt 0:00:02]} h5 {[%emt 0:00:02]} 31. Nh2 {[%emt 0:00:03]} Ne5 {[%emt 0:00:01]} 32. Be2 {[%emt 0:00:03]} Qh4 {[%emt 0:00:06]} 33. Ne3 {[%emt 0:00:02]} Qg3 {[%emt 0:00:01]} 34. Bf3 {[%emt 0:00:02]} g5 {[%emt 0:00:01]} 35. Qc2+ {[%emt 0:00:03]} Kh8 {[%emt 0:00:02]} 36. Nf5 {[%emt 0:00:01]} g4 {[%emt 0:00:02]} 37. Nxg7 {[%emt 0:00:03]} Kxg7 {[%emt 0:00:01]} 38. Qh7+ {[%emt 0:00:01]} Kxh7 {[%emt 0:00:01]} 39. hxg4 {[%emt 0:00:00]} hxg4 {[%emt 0:00:00]} 40. Nxg4 {[%emt 0:00:01]} Nxg4 {[%emt 0:00:01] Time (Lag: Av=0.78s, max=1.3s)} 0-1

[Event "Stay Safe Play from Home 161"]
[Site "T#646205Emanuel Laske"]
[Date "2020.05.20"]
[Round "8"]
[White "Trotsky"]
[Black "Matanant"]
[Result "1-0"]
[WhiteElo "1485"]
[BlackElo "1658"]
[Annotator "NA"]
[PlyCount "53"]
[EventDate "2020.05.20"]
[EventType "swiss (blitz)"]

1. d4 {[%emt 0:00:01]} e6 {[%emt 0:00:02]} 2. e3 {[%emt 0:00:00]} f5 {[%emt 0:00:00]} 3. c4 {[%emt 0:00:01]} Nf6 {[%emt 0:00:00]} 4. Nc3 {[%emt 0:00:00]} Bb4 {[%emt 0:00:02]} 5. Bd3 {[%emt 0:00:01]} d5 {[%emt 0:00:02]} 6. c5 {[%emt 0:00:01]} b6 {[%emt 0:00:02]} 7. Qc2 {[%emt 0:00:01]} Ba6 {[%emt 0:00:03]} 8. Bd2 {[%emt 0:00:02]} Bxd3 {[%emt 0:00:02]} 9. Qxd3 {[%emt 0:00:01]} bxc5 {[%emt 0:00:01]} 10. h4 {[%emt 0:00:02]} c4 {[%emt 0:00:02]} 11. Qc2 {[%emt 0:00:01]} Bd6 {[%emt 0:00:02]} 12. O-O-O {[%emt 0:00:02]} O-O {[%emt 0:00:01]} 13. Nh3 {[%emt 0:00:01]} Ne4 {[%emt 0:00:02]} 14. Rdf1 {[%emt 0:00:03]} c5 {[%emt 0:00:03]} 15. f3 {[%emt 0:00:01]} Nxc3 {[%emt 0:00:03]} 16. bxc3 {[%emt 0:00:01]} Nc6 {[%emt 0:00:02]} 17. g4 {[%emt 0:00:02]} g6 {[%emt 0:00:02]} 18. Ng5 {[%emt 0:00:01]} Qe7 {[%emt 0:00:04]} 19. f4 {[%emt 0:00:05]} fxg4 {[%emt 0:00:02]} 20. h5 {[%emt 0:00:02]} a5 {[%emt 0:00:06]} 21. hxg6 {[%emt 0:00:01]} hxg6 {[%emt 0:00:02]} 22. Qxg6+ {[%emt 0:00:01]} Qg7 {[%emt 0:00:00]} 23. Qxe6+ {[%emt 0:00:01]} Rf7 {[%emt 0:00:01]} 24. Rh7 {[%emt 0:00:04]} Nd8 {[%emt 0:00:06]} 25. Qxd6 {[%emt 0:00:05]} Qg6 {[%emt 0:00:08]} 26. Rh8+ {[%emt 0:00:08]} Kxh8 {[%emt 0:00:02]} 27. Rh1+ {[%emt 0:00:01] Time (Lag: Av=0.47s, max=0.7s)} 1-0

[Event "Stay Safe Play from Home 161"]
[Site "T#646205Emanuel Laske"]
[Date "2020.05.20"]
[Round "9"]
[White "Karthikchess"]
[Black "Lamborghini"]
[Result "1-0"]
[WhiteElo "2495"]
[BlackElo "2165"]
[PlyCount "83"]
[EventDate "2020.05.20"]
[EventType "swiss (blitz)"]

1. e4 {[%emt 0:00:01]} c5 {[%emt 0:00:02] Karthikchess offers a draw} 2. Nc3 {[%emt 0:00:03]} d6 {[%emt 0:00:00]} 3. Nf3 {[%emt 0:00:01]} e6 {[%emt 0:00:01]} 4. d4 {[%emt 0:00:00]} cxd4 {[%emt 0:00:01]} 5. Nxd4 {[%emt 0:00:00]} a6 {[%emt 0:00:00]} 6. g3 {[%emt 0:00:01]} Nf6 {[%emt 0:00:01]} 7. Bg2 {[%emt 0:00:00]} Be7 {[%emt 0:00:00]} 8. O-O {[%emt 0:00:00]} O-O {[%emt 0:00:00]} 9. g4 {[%emt 0:00:01]} Qc7 {[%emt 0:00:00]} 10. g5 {[%emt 0:00:01]} Nfd7 {[%emt 0:00:01]} 11. f4 {[%emt 0:00:00]} Nc6 {[%emt 0:00:01]} 12. Be3 {[%emt 0:00:00]} Nxd4 {[%emt 0:00:02]} 13. Bxd4 {[%emt 0:00:00]} Rb8 {[%emt 0:00:01]} 14. Qh5 {[%emt 0:00:02]} e5 {[%emt 0:00:02]} 15. Nd5 {[%emt 0:00:01]} Qd8 {[%emt 0:00:01]} 16. Be3 {[%emt 0:00:01]} exf4 {[%emt 0:00:01]} 17. Bxf4 {[%emt 0:00:01]} Ne5 {[%emt 0:00:01]} 18. Rad1 {[%emt 0:00:02]} Ng6 {[%emt 0:00:02]} 19. h4 {[%emt 0:00:04]} Be6 {[%emt 0:00:01]} 20. Be3 {[%emt 0:00:01]} Bxd5 {[%emt 0:00:01]} 21. exd5 {[%emt 0:00:01]} Ne5 {[%emt 0:00:00]} 22. Bd4 {[%emt 0:00:01]} Rc8 {[%emt 0:00:01]} 23. c3 {[%emt 0:00:01]} b5 {[%emt 0:00:02]} 24. Be4 {[%emt 0:00:01]} g6 {[%emt 0:00:01]} 25. Qe2 {[%emt 0:00:01]} Qd7 {[%emt 0:00:01]} 26. Kg2 {[%emt 0:00:02]} Qg4+ {[%emt 0:00:01]} 27. Qxg4 {[%emt 0:00:01]} Nxg4 {[%emt 0:00:00]} 28. Rfe1 {[%emt 0:00:01]} Ne5 {[%emt 0:00:01]} 29. Bxe5 {[%emt 0:00:01]} dxe5 {[%emt 0:00:00]} 30. d6 {[%emt 0:00:00]} Bd8 {[%emt 0:00:01]} 31. Bb7 {[%emt 0:00:01]} Rb8 {[%emt 0:00:01]} 32. Bxa6 {[%emt 0:00:02]} f6 {[%emt 0:00:00]} 33. d7 {[%emt 0:00:01]} Kg7 {[%emt 0:00:01]} 34. gxf6+ {[%emt 0:00:01]} Bxf6 {[%emt 0:00:01]} 35. Bc8 {[%emt 0:00:00]} Rd8 {[%emt 0:00:00]} 36. Rd6 {[%emt 0:00:02]} b4 {[%emt 0:00:00]} 37. Rf1 {[%emt 0:00:01]} Be7 {[%emt 0:00:01]} 38. Re6 {[%emt 0:00:01]} Bc5 {[%emt 0:00:02]} 39. Re8 {[%emt 0:00:01]} Rbxc8 {[%emt 0:00:01]} 40. dxc8=Q {[%emt 0:00:01]} Rxc8 {[%emt 0:00:01]} 41. Rxc8 {[%emt 0:00:00]} bxc3 {[%emt 0:00:01]} 42. bxc3 {[%emt 0:00:00] Lamborghini gibt auf (Lag: Av=0.45s, max=0.9s)} 1-0